Lataa...
Social and religious reform movements in the 19th and 20th centuries
| Päätekijä: | |
|---|---|
| Aineistotyyppi: | Printed Book |
| Julkaistu: |
Calcutta
Institute of historical studies
1979
|
| Aiheet: |
| LEADER | 00462nam a22001217a 4500 | ||
|---|---|---|---|
| 082 | |a 303.484054 |b SEN.S | ||
| 100 | |a Sen, S P,Ed. | ||
| 245 | |a Social and religious reform movements in the 19th and 20th centuries | ||
| 260 | |a Calcutta |b Institute of historical studies |c 1979 | ||
| 650 | |a Social Movements | ||
| 942 | |c BK | ||
| 999 | |c 9990 |d 9990 | ||
| 952 | |0 0 |1 0 |4 0 |6 303_484054000000000_SEN_S |7 0 |9 12006 |a CAMPUS |b CAMPUS |d 2017-07-01 |l 0 |o 303.484054 SEN.S |p 01938 |r 2017-07-01 |w 2017-07-01 |y BK | ||